Histoire du Libéralisme politique: de la crise de l'Absolutisme à la Constitution de 1875.
Na minha lista:
| Autor principal: | |
|---|---|
| Formato: | Livro |
| Idioma: | francês |
| Publicado em: |
París, Francia
Hachette
1985
|
| Assuntos: | |
| Tags: |
Adicionar Tag
Sem tags, seja o primeiro a adicionar uma tag!
|
MARC
| LEADER | 00000nam a2200000 a 4500 | ||
|---|---|---|---|
| 001 | UCO0780 | ||
| 003 | CL-VaPUC | ||
| 005 | 20220308144956.0 | ||
| 008 | 000428e19850000FR |||||||||||||||||fre|d | ||
| 999 | |c 287427 |d 287425 | ||
| 040 | |c Pontificia Universidad Católica de Valparaíso | ||
| 082 | 0 | 4 | |a 944 JAR 1985 |2 21 |
| 100 | 0 | |a Jardin, André |9 442299 | |
| 245 | 1 | 0 | |a Histoire du Libéralisme politique: de la crise de l'Absolutisme à la Constitution de 1875. |
| 260 | 0 | 3 | |a París, Francia |b Hachette |c 1985 |
| 300 | |a 437 páginas. | ||
| 583 | |a last modification |c 20000428 00:00:00 |k Rodrigo Vera | ||
| 600 | 0 | |a Bonaparte, Napoleón |9 317802 | |
| 600 | 0 | |a Montesquieu, Charles Louis de Secondat, Barón de, |d 1689-1755 |9 867047 | |
| 600 | 0 | 7 | |a VOLTAIRE, FRANCOIS |2 CL-VaPUC |9 345685 |
| 650 | 0 | |a Historia de Francia |9 336927 | |
| 650 | 7 | |a LIBERALISMO POLITICO |2 CL-VaPUC |9 423471 | |
| 650 | 0 | |a Absolutismo |9 257456 | |
| 650 | 0 | |a Burguesía |9 318985 | |
| 650 | 0 | |a Ideologías políticas |9 255735 | |
| 650 | 7 | |a DESPOTISMO ILUSTRADO |2 CL-VaPUC |9 385945 | |
| 650 | 7 | |a SIGLOS 18-19 |2 CL-VaPUC |9 378155 | |
| 651 | 0 | |a Francia |9 255157 | |
| 942 | |c BK |2 ddc | ||
| 945 | |d 20000428 00:00:00 |a rherrera | ||
| 952 | |0 0 |1 0 |2 ddc |4 0 |6 944_000000000000000_JAR_1985 |7 0 |8 A |9 334280 |a BIBHIS |b BIBHIS |d 2019-11-20 |i 1266187 |o 944 JAR 1985 |p 1266187 |r 2025-01-20 |t 1 |w 2019-11-20 |y BK |k HIS | ||